LIBRARY & INFORMATION CENTRE, KCAET, TAVANUR

ONLINE PUBLIC ACCESS CATALOGUE (OPAC)

Principles of Agricultural Engineering, Vol 1 / (Record no. 14817)

MARC details
000 -LEADER
fixed length control field 01676cam a2200181ua 4500
003 - CONTROL NUMBER IDENTIFIER
control field OSt
008 - FIXED-LENGTH DATA ELEMENTS--GENERAL INFORMATION
fixed length control field 220124b ||||| |||| 00| 0 eng d
020 ## - INTERNATIONAL STANDARD BOOK NUMBER
ISBN 9788183602129
082 ## - DEWEY DECIMAL CLASSIFICATION NUMBER
Classification number 631.1
Item number OJH/PR
100 ## - MAIN ENTRY--AUTHOR NAME
Personal name Ojha, T.P.
245 ## - TITLE STATEMENT
Title Principles of Agricultural Engineering, Vol 1 /
250 ## - EDITION STATEMENT
Edition statement 9th
260 ## - PUBLICATION, DISTRIBUTION, ETC. (IMPRINT)
Place of publication New Delhi :
Name of publisher Jain Brothers ,
Year of publication 2017
300 ## - PHYSICAL DESCRIPTION
Number of Pages 947p
505 ## - FORMATTED CONTENTS NOTE
Formatted contents note Part-1 : Farm Power, 1. Scope of Mechanizing Agriculture Using Low Energy Input, 2. Internal Combustion Engines, Operations And Applications, 3. Engine Types, Selection And Working Principles, 4. Tractor Power Trains-Traction Devices-Cost Analysis-Servicing, 5. Energy Status And Application in Rural Sector,<br/>Part-2: Farm Machinery, 6. Introduction to Engineering Materials And Machine Elements, 7. Machinery For Tillage And Crop Cultivation, 8. Seeding, Harvesting And Threshing Machinery, 9. Agricultural Processing And Plant Protection Machinery, 10. Dairy Machinery And Milk Technology, <br/>Part-3: Farm Building, 11. Planning of Farmstead And Farm Residence, 12. Housing Requirements of Animals And Birds For Higher Output, 13. Storage Structures on Farms & Growth centres.<br/>Part-4: Post Harvest Technology, 14. Drying And Dehydration of Food Products, 15. Pre-Milling And Milling Treatments of Food Grain, 16. Processing, Preservation And Packaging of Foods And Seeds, 17. Instrumentation And Farm Machinery Testing, 18. Ergonomic Studies in Agriculture, 19. Food Shortage And Role of Automation in Production Agriculture And Post Harvest Systems, 20. Historical Development Principles And Practices of Green House Technology, <br/>
700 1# - ADDED ENTRY--PERSONAL NAME
Personal name Michael, A.M.
942 ## - ADDED ENTRY ELEMENTS (KOHA)
Koha item type Books
Holdings
Withdrawn status Lost status Damaged status Home library Current library Shelving location Date acquired Source of acquisition Cost, normal purchase price Full call number Accession Number Koha item type Collection code
      KAUAET KAUAET General Stacks 30/03/2017 Aman Books 675.00 631.1 OJH/PR 25519 Books  
      KAUAET KAUAET General Stacks 30/03/2017 Aman Books 675.00 631.1 OJH/PR 25520 Books  
      KAUAET KAUAET General Stacks 30/03/2017 Aman Books 675.00 631.1 OJH/PR 25521 Books  
      KAUAET KAUAET General Stacks 30/03/2017 Aman Books 675.00 631.1 OJH/PR 25522 Books  
      KAUAET KAUAET General Stacks 30/03/2017 Aman Books 675.00 631.1 OJH/PR 25523 Books  
      KAUAET KAUAET General Stacks 30/03/2017 Aman Books 675.00 631.1 OJH/PR 25524 Books  
      KAUAET KAUAET General Stacks 30/03/2017 Aman Books 675.00 631.1 OJH/PR 25525 Books  
      KAUAET KAUAET General Stacks 30/03/2017 Aman Books 675.00 631.1 OJH/PR 25526 Books  
      KAUAET KAUAET General Stacks 30/03/2017 Aman Books 675.00 631.1 OJH/PR 25527 Books  
      KAUAET KAUAET General Stacks 30/03/2017 Aman Books 675.00 631.1 OJH/PR 25528 Books  
      KAUAET KAUAET Scheme 11/07/2022 TBS PUBLISHERS AND DISTRIBUTERS 825.00 631.1 OJH/PR BB 642 Book Bank scheme for SC students  
free website counter